00601nam a22001817a 4500952013600000999001700136003000400153005001700157008004100174020001800215040000900233082001800242100002300260245004900283260003500332300001000367942004200377 00102ddc40708BOTANYaMESbMEScBOTANYd2022-11-09g1800.00l0o631.53 KUM/Pp41731r2022-11-09 00:00:00w2022-11-09yBKzGL19R5 c41770d41770OSt20221109101209.0221109b ||||| |||| 00| 0 eng d a9788181523846 coclc a631.53bKUM/P 9165aKumar, Sushil aPlant breeding and Genetics /cSushil Kumar. aJaipur:bBook Enclave, c2016. a293 p 2ddccBKh631.53iKUM/Pk631.53mKUM/P